00660nam a2200133Ia 4500008004100000020001800041100002100059245008600080260002500166440001700191650001700208650026000225856004100485171212s9999 xx 000 0 und d a9781785330223 aHasselberg, Ines cHasselberg, InesaEnduring UncertaintybDeportation, Punishment and Everyday Life bBerghahn Booksc2016 aDislocations aAnthropology aGreat Britain -- Emigration and immigration -- Social aspects; Aliens -- Great Britain -- Social conditions; Aliens -- Legal status, laws, etc. -- Great Britain; Alien criminals -- Government policy -- Great Britain; Deportation -- Government policy -- Gr uhttp://jstor.org/stable/j.ctt1kk66dj